Contemporary abstract algebra / (Record no. 465)

MARC details
000 -LEADER
fixed length control field 00801cam a2200265 i 4500
001 - CONTROL NUMBER
control field 18811020
003 - CONTROL NUMBER IDENTIFIER
control field OSt
005 - DATE AND TIME OF LATEST TRANSACTION
control field 20250420134811.0
008 - FIXED-LENGTH DATA ELEMENTS--GENERAL INFORMATION
fixed length control field 151007s2017 maua b 001 0 eng
010 ## - LIBRARY OF CONGRESS CONTROL NUMBER
LC control number 2015954307
020 ## - INTERNATIONAL STANDARD BOOK NUMBER
International Standard Book Number 9781305657960 (hardback)
040 ## - CATALOGING SOURCE
Original cataloging agency DLC
Language of cataloging eng
Description conventions rda
Transcribing agency KCST
042 ## - AUTHENTICATION CODE
Authentication code pcc
050 00 - LIBRARY OF CONGRESS CALL NUMBER
Classification number QA162
Item number .G34 2017
082 ## - DEWEY DECIMAL CLASSIFICATION NUMBER
Classification number 512.02
Item number Ga Co
100 1# - MAIN ENTRY--PERSONAL NAME
Personal name Gallian, Joseph A.,
Relator term author.
9 (RLIN) 4603
245 10 - TITLE STATEMENT
Title Contemporary abstract algebra /
Statement of responsibility, etc. Joseph A. Gallian, University of Minnesota Duluth.
250 ## - EDITION STATEMENT
Edition statement Ninth edition.
260 ## - PUBLICATION, DISTRIBUTION, ETC.
Place of publication, distribution, etc. Boston, MA :
Name of publisher, distributor, etc. Cengage Learning,
Date of publication, distribution, etc. 2017.
300 ## - PHYSICAL DESCRIPTION
Extent xvi, 557, 43 pages :
Other physical details illustrations ;
Dimensions 24 cm
504 ## - BIBLIOGRAPHY, ETC. NOTE
Bibliography, etc. note Includes bibliographical references and indexes.
650 #0 - SUBJECT ADDED ENTRY--TOPICAL TERM
Topical term or geographic name entry element Abstract algebra.
9 (RLIN) 4604
942 ## - ADDED ENTRY ELEMENTS (KOHA)
Koha item type Book
942 ## - ADDED ENTRY ELEMENTS (KOHA)
Source of classification or shelving scheme Dewey Decimal Classification
Holdings
Withdrawn status Lost status Source of classification or shelving scheme Damaged status Not for loan Home library Current library Date acquired Cost, normal purchase price Total checkouts Full call number Barcode Date last seen Price effective from Koha item type
    Dewey Decimal Classification     KCST Library KCST Library 15/07/2020 43.15   512.02 Ga Co 1000000578 15/07/2020 15/07/2020 Book
© 2025 KCST. All rights reserved